00608nam a22001697a 450000500170000001000260001702000260004303500140006903500140008303700090009708200080010610000230011424500960013726000520023327001330028530000200041820251029123345.0 aENG-141363 ENG-147000 a9788119798780c599.00 aEN-124895 aEN-130532 bDBAD a230 aSubramanian Swamy  aThe Constitutional Framework for Hindu Rashtra and Bhartiya identity/cBy Subramanian Swamy aNew DelhibHar Anand Publications Pvy Ltdc2024 aE-49/3, Okhla Industrial Area, Phase-IIbNew Delhie110020cNew Delhik011-41603490l011-41708607minfo@haranandpublications.com a195p.c23cm(hb)